[Event "15th Dortmund Meeting"]
[Site "Dortmund GER"]
[Date "1987.??.??"]
[Round "1"]
[White "Balashov, Yury"]
[Black "Agdestein, Simen"]
[WhiteElo "2525"]
[BlackElo "2560"]
[Result "1-0"]
[EventDate "1987.04.??"]
[PlyCount "69"]

1.e4 e6 2.d4 d5 3.Nc3 Bb4 4.e5 c5 5.a3 Bxc3+ 6.bxc3 Ne7 7.Qg4 Qc7 8.Qxg7 
Rg8 9.Qxh7 cxd4 10.Ne2 Nbc6 11.f4 Bd7 12.Qd3 dxc3 13.Qxc3 O-O-O 14.Rb1 d4 
15.Qd3 Nd5 16.g3 f6 17.exf6 Nxf6 18.Bg2 e5 19.fxe5 Nxe5 20.Qb3 Bc6 21.Qe6+
Nfd7 22.Bxc6 Nxc6 23.Bf4 Qa5+ 24.Kf2 Rge8 25.Qc4 Nb6 26.Qd3 Qh5 27.Rb5 Nd5
28.Rc5 Qf7 29.Rb1 Qe6 30.Kf1 Rh8 31.Kg1 Rd7 32.Qf3 Ne7 33.Be5 Rhd8 34.Nf4 
Qa2 35.Rxc6+ 1-0

[Event "15th Dortmund Meeting"]
[Site "Dortmund GER"]
[Date "1987.??.??"]
[Round "1"]
[White "Bischoff, Klaus"]
[Black "Lau, Ralf"]
[WhiteElo "2485"]
[BlackElo "2535"]
[Result "1/2-1/2"]
[EventDate "1987.04.??"]
[PlyCount "41"]

1.f4 Nf6 2.Nf3 g6 3.g3 Bg7 4.d3 d5 5.Bg2 O-O 6.O-O Nc6 7.c3 Re8 8.d4 Ne4 
9.Nbd2 f5 10.Nxe4 fxe4 11.Ne5 Nxe5 12.fxe5 c6 13.Be3 Be6 14.Qd2 Qd7 15.Bh6
Rf8 16.Bxg7 Kxg7 17.Rxf8 Rxf8 18.Rf1 Rxf1+ 19.Bxf1 Bh3 20.Bxh3 Qxh3 21.Qg5
1/2-1/2

[Event "15th Dortmund Meeting"]
[Site "Dortmund GER"]
[Date "1987.??.??"]
[Round "1"]
[White "Hickl, Jorg"]
[Black "Marangunic, Srdan"]
[WhiteElo "2450"]
[BlackElo "2450"]
[Result "0-1"]
[EventDate "1987.04.??"]
[PlyCount "112"]

1.g3 Nf6 2.Bg2 e5 3.d3 d5 4.Nf3 Nc6 5.O-O Be7 6.a3 a5 7.a4 O-O 8.Nc3 h6 9.
e4 dxe4 10.dxe4 Be6 11.Qe2 Bc5 12.Nb5 Re8 13.h3 Nd7 14.Rd1 Qc8 15.Kh2 Ne7 
16.Be3 Bxe3 17.Qxe3 Nc6 18.Rd2 b6 19.Qc3 Qb7 20.Ne1 f6 21.Nd3 Nf8 22.f4 
Bf7 23.Rad1 Re7 24.f5 Rae8 25.Nf2 Nb4 26.Ng4 Bh5 27.Rd8 Rxd8 28.Rxd8 Nc6 
29.Rd2 Bxg4 30.hxg4 Kh7 31.Qe3 Nd7 32.Nc3 Nc5 33.Nd5 Re8 34.Bf1 Ne7 35.Nc3
Qc8 36.g5 fxg5 37.Bh3 Qb7 38.Bg4 Ng8 39.Bh5 Rf8 40.Nd5 Nf6 41.Nxf6+ gxf6 
42.c3 Kh8 43.Bf3 Qc6 44.Rd5 Qxa4 45.Qd2 Qe8 46.b4 axb4 47.cxb4 Nb7 48.Rd7 
Rf7 49.Rd3 Rh7 50.Qa2 Nd6 51.Ra3 Rd7 52.Qd5 Kg7 53.Rd3 Re7 54.Ra3 Qb5 55.
Qd1 Qxb4 56.Ra8 Qd4 0-1

[Event "15th Dortmund Meeting"]
[Site "Dortmund GER"]
[Date "1987.??.??"]
[Round "1"]
[White "Ribli, Zoltan"]
[Black "Farago, Ivan"]
[WhiteElo "2580"]
[BlackElo "2535"]
[Result "1-0"]
[EventDate "1987.04.??"]
[PlyCount "65"]

1.d4 e6 2.Nf3 Nf6 3.c4 b6 4.g3 Bb7 5.Bg2 Be7 6.Nc3 O-O 7.d5 Bb4 8.Bd2 c6 
9.O-O Bxc3 10.Bxc3 cxd5 11.Nh4 Ne4 12.cxd5 Nxc3 13.bxc3 Qc7 14.Qd4 Na6 15.
Rac1 Rac8 16.c4 Rfe8 17.e4 Qc5 18.Qa1 Qb4 19.e5 Ba8 20.Qd4 d6 21.dxe6 Bxg2
22.exf7+ Kxf7 23.Kxg2 Rxe5 24.Nf3 Ra5 25.Qg4 Qc5 26.Ng5+ Qxg5 27.Qxc8 Nc5 
28.Rfe1 Kg6 29.Rcd1 Qf6 30.Qc6 d5 31.cxd5 Rxa2 32.Qxf6+ Kxf6 33.d6 1-0

[Event "15th Dortmund Meeting"]
[Site "Dortmund GER"]
[Date "1987.??.??"]
[Round "1"]
[White "Schmittdiel, Eckhard"]
[Black "Tukmakov, Vladimir"]
[WhiteElo "2430"]
[BlackElo "2575"]
[Result "0-1"]
[EventDate "1987.04.??"]
[PlyCount "82"]

1.e4 e5 2.Nf3 Nc6 3.Bb5 Nd4 4.Nxd4 exd4 5.O-O Bc5 6.Bc4 d6 7.c3 c6 8.b4 
Bb6 9.Qb3 Qf6 10.Bb2 Nh6 11.Na3 O-O 12.Rae1 Ng4 13.cxd4 Bxd4 14.Bxd4 Qxd4 
15.Qc3 Qxc3 16.dxc3 b5 17.Bb3 a5 18.Nb1 Be6 19.Rd1 Rfd8 20.Rd2 Kf8 21.Rfd1
g5 22.Rf1 Ke7 23.h3 Ne5 24.f4 gxf4 25.Rxf4 Bxb3 26.axb3 axb4 27.cxb4 Ra1 
28.Rf1 Rg8 29.Kf2 Rg6 30.Rfd1 h5 31.Nc3 Ra3 32.Rb1 Rf6+ 33.Ke2 Ra8 34.Nd1 
Rf4 35.Ke3 Rh4 36.Nf2 Rg8 37.Nh1 f5 38.exf5 Rxb4 39.Rf2 Kf6 40.g3 Re8 41.
Kd2 c5 0-1

[Event "15th Dortmund Meeting"]
[Site "Dortmund GER"]
[Date "1987.??.??"]
[Round "2"]
[White "Agdestein, Simen"]
[Black "Bischoff, Klaus"]
[WhiteElo "2560"]
[BlackElo "2485"]
[Result "1/2-1/2"]
[EventDate "1987.04.??"]
[PlyCount "124"]

1.d4 Nf6 2.Nf3 d6 3.g3 g6 4.Bg2 Bg7 5.c4 O-O 6.Nc3 c6 7.O-O Qa5 8.h3 Qa6 
9.b3 b5 10.Nd2 bxc4 11.Nxc4 Be6 12.Ne3 Nbd7 13.Bb2 Rfc8 14.Rc1 Rab8 15.Qd2
Nb6 16.f4 c5 17.d5 Bd7 18.Ra1 Qa5 19.Kh2 Ne8 20.f5 Nf6 21.Qd3 Be8 22.fxg6 
hxg6 23.Rac1 c4 24.bxc4 Nbd7 25.Ba1 Ne5 26.Qd4 Nfg4+ 27.Kh1 Nxe3 28.Qxe3 
Rxc4 29.Qg5 f6 30.Qd2 Rbc8 31.e4 Bd7 32.Rc2 Qc7 33.Rcc1 Qa5 34.Rc2 R8c5 
35.Rb1 Kh7 36.Bf1 Bh6 37.Qe1 Rb4 38.Rxb4 Qxb4 39.Qe2 Qb6 40.Rb2 Qc7 41.Rb3
Qc8 42.Qg2 a5 43.Ne2 a4 44.Rc3 Bd2 45.Rxc5 Qxc5 46.Bxe5 dxe5 47.Ng1 Be3 
48.Nf3 Qc3 49.Qe2 a3 50.g4 Bc5 51.Kg2 Bb4 52.Qc4 Qb2+ 53.Kg3 Kg7 54.Bd3 
Bd6 55.Qc2 Qb6 56.Kg2 Bc5 57.Nd2 Qb4 58.Nb3 Bb6 59.Qd2 Qd6 60.Qc3 Ba7 61.
Qa5 Bb6 62.Qc3 Ba7 1/2-1/2

[Event "15th Dortmund Meeting"]
[Site "Dortmund GER"]
[Date "1987.??.??"]
[Round "2"]
[White "Andersson, Ulf"]
[Black "Lau, Ralf"]
[WhiteElo "2600"]
[BlackElo "2535"]
[Result "1-0"]
[EventDate "1987.04.??"]
[PlyCount "127"]

1.Nf3 d6 2.d4 Bg4 3.e4 Nf6 4.Nc3 e6 5.h3 Bh5 6.Bd3 Be7 7.Be3 c6 8.Qe2 d5 
9.a3 Bg6 10.exd5 Nxd5 11.Nxd5 Bxd3 12.Nf6+ Bxf6 13.Qxd3 Nd7 14.O-O O-O 15.
Rfd1 Re8 16.a4 h6 17.c3 Qc7 18.Qe4 Be7 19.Bf4 Bd6 20.Bxd6 Qxd6 21.Rd2 Rad8
22.Rad1 Qc7 23.Qe2 Kf8 24.Rd3 Kg8 25.R1d2 Kf8 26.Qd1 Kg8 27.Qb3 Rf8 28.Qa2
Rfe8 29.a5 a6 30.b4 Rc8 31.Re2 Rcd8 32.Rde3 Qd6 33.Qc2 Rf8 34.Nd2 Nf6 35.
Nc4 Qc7 36.Rf3 Qe7 37.Ne3 Qc7 38.Qc1 Nd5 39.Ng4 Kh7 40.Ne5 Qe7 41.Qc2+ Kg8
42.Re4 Qe8 43.Rg3 Ne7 44.Nd3 Nf5 45.Rf3 Qd7 46.Nc5 Qc8 47.Qc1 Qc7 48.Qe1 
Rd5 49.Nd3 Nd6 50.Re2 Rf5 51.Rfe3 Nc4 52.Rg3 Rd8 53.Re4 Kh7 54.Qe2 Rdd5 
55.Reg4 g6 56.Nc5 h5 57.Nxe6 Qc8 58.Ng5+ Kg7 59.Rh4 Nd6 60.Ne4 Ne8 61.Re3 
Nc7 62.Nc5 Rd8 63.c4 Rf6 64.Re7 1-0

[Event "15th Dortmund Meeting"]
[Site "Dortmund GER"]
[Date "1987.??.??"]
[Round "2"]
[White "Farago, Ivan"]
[Black "Schmittdiel, Eckhard"]
[WhiteElo "2535"]
[BlackElo "2430"]
[Result "1-0"]
[EventDate "1987.04.??"]
[PlyCount "129"]

1.d4 Nf6 2.c4 e6 3.Nf3 Bb4+ 4.Bd2 c5 5.Bxb4 cxb4 6.g3 d6 7.Bg2 O-O 8.O-O 
a5 9.Nbd2 Qc7 10.Rc1 Nbd7 11.e4 e5 12.Re1 b6 13.Nf1 Bb7 14.Qd3 Rfe8 15.
N3d2 exd4 16.f3 Ne5 17.Qxd4 Qc5 18.Qxc5 bxc5 19.Red1 Rad8 20.Ne3 g6 21.
Ndf1 Nc6 22.Nc2 a4 23.Kf2 Na5 24.Nce3 Kf8 25.Rd2 Ke7 26.g4 h6 27.Ng3 Nd7 
28.Bf1 Nb6 29.Ne2 Nc6 30.Rcd1 Rh8 31.Nf4 Nd4 32.Nd3 b3 33.a3 f5 34.Nf4 Kf6
35.gxf5 gxf5 36.Nxf5 Nxf5 37.exf5 Kxf5 38.Ng6 Kxg6 39.Rxd6+ Rxd6 40.Rxd6+ 
Kg5 41.Rxb6 Rh7 42.Kg3 Rf7 43.Bg2 Kh5 44.Re6 Rf5 45.h4 Bc8 46.Rd6 Bb7 47.
Rd7 Bc6 48.Rd6 Bb7 49.Re6 Bc8 50.Re3 Rf6 51.Re5+ Rf5 52.Re3 Rf6 53.Re5+ 
Rf5 54.f4 Rxe5 55.fxe5 Kg6 56.Kf4 Be6 57.Bf1 Kh5 58.Kg3 Kg6 59.Bd3+ Bf5 
60.Be2 Be6 61.Kf4 Kg7 62.Bg4 Bxc4 63.Bd7 Bd5 64.Ke3 Kg6 65.Kd3 1-0

[Event "15th Dortmund Meeting"]
[Site "Dortmund GER"]
[Date "1987.??.??"]
[Round "2"]
[White "Nunn, John Denis Martin"]
[Black "Hickl, Jorg"]
[WhiteElo "2560"]
[BlackElo "2450"]
[Result "1-0"]
[EventDate "1987.04.??"]
[PlyCount "55"]

1.e4 c6 2.d4 d5 3.exd5 cxd5 4.c4 Nf6 5.Nc3 g6 6.cxd5 Bg7 7.Bb5+ Bd7 8.Bc4 
O-O 9.Qb3 Bf5 10.Qxb7 Nbd7 11.Bf4 Ne8 12.Nf3 Nb6 13.Bb3 Bc8 14.Qc6 Nd6 15.
Qc5 Ba6 16.Ne5 Re8 17.O-O-O Bf8 18.Rhe1 Bb7 19.Kb1 Rc8 20.Qb4 Rc7 21.Qa5 
Qc8 22.Bg3 Rd8 23.Rc1 Bh6 24.Rc2 Bg7 25.Qxa7 Nd7 26.Qa5 Nxe5 27.dxe5 Nc4 
28.Qb4 1-0

[Event "15th Dortmund Meeting"]
[Site "Dortmund GER"]
[Date "1987.??.??"]
[Round "2"]
[White "Tukmakov, Vladimir"]
[Black "Balashov, Yury"]
[WhiteElo "2575"]
[BlackElo "2525"]
[Result "1/2-1/2"]
[EventDate "1987.04.??"]
[PlyCount "61"]

1.d4 Nf6 2.c4 e6 3.Nf3 d5 4.Nc3 Be7 5.Bg5 O-O 6.e3 Nbd7 7.Rc1 a6 8.c5 c6 
9.Bd3 e5 10.dxe5 Ne8 11.Bf4 Nxc5 12.Bb1 Ne6 13.Qc2 g6 14.Bh6 N8g7 15.Rd1 
Re8 16.Bxg7 Kxg7 17.O-O Qb6 18.a3 Bd7 19.Rd2 Rad8 20.h3 Bc8 21.Ba2 Qc7 22.
Rfd1 Qb8 23.Ne2 Nc5 24.Ng3 Kg8 25.b4 Nd7 26.Qc3 Bf8 27.e4 Bg7 28.exd5 Nxe5
29.dxc6 Rxd2 30.Rxd2 Qc7 31.Nxe5 1/2-1/2

[Event "15th Dortmund Meeting"]
[Site "Dortmund GER"]
[Date "1987.??.??"]
[Round "3"]
[White "Andersson, Ulf"]
[Black "Agdestein, Simen"]
[WhiteElo "2600"]
[BlackElo "2560"]
[Result "1/2-1/2"]
[EventDate "1987.04.??"]
[PlyCount "27"]

1.Nf3 f5 2.g3 Nf6 3.Bg2 e6 4.O-O d5 5.c4 Bd6 6.b3 Qe7 7.Bb2 c6 8.Be5 Bxe5 
9.Nxe5 Nbd7 10.Nxd7 Bxd7 11.d4 dxc4 12.bxc4 e5 13.Nc3 O-O 14.Rb1 1/2-1/2

[Event "15th Dortmund Meeting"]
[Site "Dortmund GER"]
[Date "1987.??.??"]
[Round "3"]
[White "Balashov, Yury"]
[Black "Farago, Ivan"]
[WhiteElo "2525"]
[BlackElo "2535"]
[Result "1-0"]
[EventDate "1987.04.??"]
[PlyCount "49"]

1.e4 e6 2.d4 d5 3.Nc3 Bb4 4.e5 Ne7 5.a3 Bxc3+ 6.bxc3 c5 7.Qg4 O-O 8.Nf3 
Qa5 9.Bd2 Qa4 10.Bd3 c4 11.Bxh7+ Kxh7 12.Qh4+ Kg8 13.Qxe7 Qxc2 14.h4 Nc6 
15.Qg5 Qe4+ 16.Kf1 Qf5 17.Qxf5 exf5 18.h5 Na5 19.h6 Nb3 20.Bg5 gxh6 21.
Rxh6 Kg7 22.Rh2 Nxa1 23.Bf6+ Kg6 24.Nh4+ Kh5 25.Nxf5+ 1-0

[Event "15th Dortmund Meeting"]
[Site "Dortmund GER"]
[Date "1987.??.??"]
[Round "3"]
[White "Bischoff, Klaus"]
[Black "Tukmakov, Vladimir"]
[WhiteElo "2485"]
[BlackElo "2575"]
[Result "1/2-1/2"]
[EventDate "1987.04.??"]
[PlyCount "40"]

1.c4 Nf6 2.Nc3 e5 3.Nf3 Nc6 4.d3 Bb4 5.Bd2 O-O 6.e3 Re8 7.Be2 a5 8.Qc2 d5 
9.cxd5 Nxd5 10.a3 Nxc3 11.Bxc3 Bxc3+ 12.bxc3 a4 13.O-O Be6 14.Nd2 Na5 15.
c4 Qd7 16.Rab1 b6 17.Rb5 f6 18.Rd1 Red8 19.Ne4 Nb3 20.Nc3 Ra5 1/2-1/2

[Event "15th Dortmund Meeting"]
[Site "Dortmund GER"]
[Date "1987.??.??"]
[Round "3"]
[White "Ribli, Zoltan"]
[Black "Hickl, Jorg"]
[WhiteElo "2580"]
[BlackElo "2450"]
[Result "0-1"]
[EventDate "1987.04.??"]
[PlyCount "128"]

1.d4 Nf6 2.Nf3 d6 3.c4 Nbd7 4.Nc3 e5 5.Bg5 Be7 6.e3 Ng8 7.Bxe7 Nxe7 8.Qc2 
Nc6 9.Be2 O-O 10.dxe5 Ncxe5 11.O-O-O a5 12.h4 Nxf3 13.gxf3 Nc5 14.Rhg1 Be6
15.Nb5 f5 16.Rg5 Rf7 17.Qc3 Bd7 18.Nd4 Qf6 19.Nb5 Ne6 20.Qxf6 Rxf6 21.Rgg1
f4 22.Nc3 Bc6 23.Nd5 Bxd5 24.Rxd5 b6 25.Kd2 Re8 26.Bd1 g6 27.h5 Kg7 28.Bc2
fxe3+ 29.fxe3 Rxf3 30.hxg6 Rf2+ 31.Kc1 h6 32.Rh5 Ref8 33.Rgh1 Rf1+ 34.Kd2 
R8f2+ 35.Kc3 Rxh1 36.Rxh1 Nf8 37.Rg1 Nd7 38.a3 Ne5 39.Be4 a4 40.Rg3 Re2 
41.Bf5 Rh2 42.Be4 Rh4 43.Bd5 h5 44.Rg5 Nxg6 45.Kb4 Kf6 46.Rg2 Ne5 47.Rf2+ 
Ke7 48.Kxa4 c6 49.Bg8 Rg4 50.Bh7 Nxc4 51.e4 Rg5 52.Kb3 Ne5 53.Bf5 h4 54.
Rf4 Rh5 55.Bh3 Nd3 56.Rf3 Nc5+ 57.Kc3 Nxe4+ 58.Kd4 d5 59.b4 c5+ 60.bxc5 
bxc5+ 61.Kd3 Rh8 62.Rf5 Kd6 63.Bg2 h3 64.Bh1 h2 0-1

[Event "15th Dortmund Meeting"]
[Site "Dortmund GER"]
[Date "1987.??.??"]
[Round "3"]
[White "Schmittdiel, Eckhard"]
[Black "Marangunic, Srdan"]
[WhiteElo "2430"]
[BlackElo "2450"]
[Result "1-0"]
[EventDate "1987.04.??"]
[PlyCount "129"]

1.e4 d6 2.d4 Nf6 3.Nc3 g6 4.Be3 c6 5.Qd2 b5 6.f3 Nbd7 7.g4 Nb6 8.g5 Nh5 9.
b3 Bg7 10.Nge2 e5 11.a4 bxa4 12.Nxa4 Nxa4 13.Rxa4 Qe7 14.dxe5 dxe5 15.Ra5 
Be6 16.Bc5 Qc7 17.Qb4 h6 18.Bd6 Qd7 19.Bxe5 hxg5 20.Bxg7 Nxg7 21.Rxg5 Rd8 
22.Kf2 Bh3 23.Bxh3 Rxh3 24.Re5+ Ne6 25.Nf4 Rh6 26.Nxe6 fxe6 27.Kg3 Kf7 28.
h4 Rh5 29.Rxh5 gxh5 30.e5 Rg8+ 31.Kh3 Rg7 32.Qd6 Qe8 33.Rd1 Kg6 34.Rg1+ 
Kh7 35.Rxg7+ Kxg7 36.Qc7+ Kh8 37.Qxa7 Qf8 38.Kg3 Qg8+ 39.Kf2 Qd8 40.Kg3 
Qg8+ 41.Kh2 Qd8 42.Kh3 Qf8 43.Qe3 Kh7 44.Kg3 Qf7 45.Qg5 Qe8 46.b4 Qf7 47.
c4 Qe8 48.b5 cxb5 49.cxb5 Qxb5 50.Qxh5+ Kg7 51.Qg5+ Kh7 52.Qe7+ Kh8 53.
Qf6+ Kh7 54.Qxe6 Qf1 55.Qd7+ Kg8 56.Qd5+ Kg7 57.Qd4 Kf7 58.h5 Qe1+ 59.Kf4 
Qe2 60.Kg5 Kg8 61.Kg6 Qc2+ 62.Qe4 Qa2 63.e6 Qg2+ 64.Qg4 Qb2 65.e7 1-0

[Event "15th Dortmund Meeting"]
[Site "Dortmund GER"]
[Date "1987.??.??"]
[Round "4"]
[White "Agdestein, Simen"]
[Black "Lau, Ralf"]
[WhiteElo "2560"]
[BlackElo "2535"]
[Result "1-0"]
[EventDate "1987.04.??"]
[PlyCount "57"]

1.d4 Nf6 2.c4 e6 3.Nf3 b6 4.a3 Bb7 5.Nc3 d5 6.cxd5 Nxd5 7.Qc2 Nxc3 8.bxc3 
c5 9.e4 Nc6 10.Bb2 Rc8 11.d5 exd5 12.exd5 Qxd5 13.Bd3 Ne5 14.O-O-O Nxd3+ 
15.Rxd3 Qc6 16.Ne5 Qh6+ 17.Re3 Be7 18.Qa4+ b5 19.Qxb5+ Bc6 20.Nxc6 Qxc6 
21.Qe2 Rc7 22.Re1 Qb7 23.c4 f6 24.Qh5+ Kf8 25.g4 Rd7 26.g5 Qa6 27.gxf6 
gxf6 28.Qh6+ Kf7 29.Rxe7+ 1-0

[Event "15th Dortmund Meeting"]
[Site "Dortmund GER"]
[Date "1987.??.??"]
[Round "4"]
[White "Andersson, Ulf"]
[Black "Tukmakov, Vladimir"]
[WhiteElo "2600"]
[BlackElo "2575"]
[Result "1/2-1/2"]
[EventDate "1987.04.??"]
[PlyCount "60"]

1.Nf3 d5 2.d4 Nf6 3.c4 e6 4.Bg5 dxc4 5.Qa4+ Nbd7 6.e3 c5 7.Bxc4 cxd4 8.
Nxd4 Be7 9.Nc3 O-O 10.Be2 h6 11.Bh4 Nb6 12.Qc2 Bd7 13.O-O Nfd5 14.Bxe7 
Nxe7 15.Rfd1 Qc7 16.Qb3 Rfd8 17.Rac1 Qe5 18.Bf3 Bc6 19.Nxc6 Nxc6 20.Qb5 
Qxb5 21.Nxb5 Nd5 22.Bxd5 Rxd5 23.Rxd5 exd5 24.Kf1 Rd8 25.Nd4 Nxd4 26.exd4 
Rd6 27.Rc8+ Kh7 28.Rc7 Rb6 29.b3 Kg6 30.Ke2 Ra6 1/2-1/2

[Event "15th Dortmund Meeting"]
[Site "Dortmund GER"]
[Date "1987.??.??"]
[Round "4"]
[White "Farago, Ivan"]
[Black "Bischoff, Klaus"]
[WhiteElo "2535"]
[BlackElo "2485"]
[Result "1-0"]
[EventDate "1987.04.??"]
[PlyCount "89"]

1.d4 d6 2.Nf3 g6 3.c4 Bg7 4.Nc3 Nc6 5.e3 Nf6 6.d5 Nb8 7.e4 O-O 8.Be2 c6 9.
O-O Bg4 10.Be3 Nfd7 11.Qd2 Qa5 12.Rac1 Rc8 13.b3 Nc5 14.Nd4 Bxe2 15.Ndxe2 
Nbd7 16.Rb1 Qd8 17.f3 a5 18.Rfc1 Qb6 19.Kh1 Qb4 20.Qc2 a4 21.Nxa4 Nxa4 22.
bxa4 Qa5 23.Rxb7 Ne5 24.dxc6 Nxc6 25.c5 dxc5 26.Rb5 Qa6 27.Rxc5 Na7 28.Qc4
Qb7 29.Qb3 Qa6 30.Qc4 Qb7 31.Qd5 Qa6 32.Rxc8+ Nxc8 33.Qc6 Qxc6 34.Rxc6 Nd6
35.Rc7 Rxa4 36.Ra7 Rc4 37.Ra8+ Nc8 38.Kg1 f5 39.exf5 gxf5 40.a4 Kf7 41.a5 
Nd6 42.a6 Ra4 43.Kf2 Nb5 44.Rb8 Nd4 45.Bxd4 1-0

[Event "15th Dortmund Meeting"]
[Site "Dortmund GER"]
[Date "1987.??.??"]
[Round "4"]
[White "Hickl, Jorg"]
[Black "Schmittdiel, Eckhard"]
[WhiteElo "2450"]
[BlackElo "2430"]
[Result "0-1"]
[EventDate "1987.04.??"]
[PlyCount "80"]

1.Nf3 c5 2.g3 Nc6 3.Bg2 d5 4.O-O e5 5.d3 Nf6 6.Nbd2 Be7 7.e4 O-O 8.c3 d4 
9.Qc2 Ne8 10.Nc4 Qc7 11.Bd2 b5 12.Na3 Qb6 13.cxd4 exd4 14.Rfc1 a5 15.Bg5 
f6 16.Bf4 g5 17.Bd2 Rb8 18.Re1 Ne5 19.Nxe5 fxe5 20.Qc1 g4 21.Bg5 Bd6 22.
Rf1 Be6 23.Bh6 Ng7 24.h3 gxh3 25.Bh1 Rf6 26.Bg5 Rg6 27.Kh2 Qc7 28.Nc2 c4 
29.Ne1 Rf8 30.Bh4 Nh5 31.Nf3 Nf6 32.Kg1 h6 33.a4 b4 34.dxc4 Bxc4 35.Re1 
Ng4 36.Qd1 Qf7 37.Rc1 b3 38.Rf1 Bb4 39.Ra1 Bxf1 40.Kxf1 Nh2+ 0-1

[Event "15th Dortmund Meeting"]
[Site "Dortmund GER"]
[Date "1987.??.??"]
[Round "4"]
[White "Marangunic, Srdan"]
[Black "Balashov, Yury"]
[WhiteElo "2450"]
[BlackElo "2525"]
[Result "0-1"]
[EventDate "1987.04.??"]
[PlyCount "84"]

1.Nf3 Nf6 2.d3 g6 3.c3 Bg7 4.e4 O-O 5.Be2 c5 6.O-O Nc6 7.a3 Qc7 8.Bg5 Rd8 
9.Nbd2 d5 10.Qc2 h6 11.Bh4 Nh5 12.Rfe1 g5 13.Bg3 Nxg3 14.hxg3 d4 15.c4 a5 
16.Nh2 Ne5 17.Ndf3 Nd7 18.Nd2 e6 19.Rab1 a4 20.Rf1 f5 21.exf5 exf5 22.g4 
Ne5 23.gxf5 Bxf5 24.Rfd1 Rf8 25.Ndf1 Qf7 26.Ng3 Bg6 27.Bf3 Nxf3+ 28.Nxf3 
Rae8 29.Re1 Rxe1+ 30.Rxe1 g4 31.Ne5 Qe6 32.Qe2 Bh7 33.Qxg4 Qxg4 34.Nxg4 
Bxd3 35.Rc1 Bg6 36.Nf1 Re8 37.Rd1 Re2 38.Rd2 d3 39.Rd1 Rxb2 40.Nd2 Bc3 41.
Nb1 Bd4 42.Kh2 h5 0-1

[Event "15th Dortmund Meeting"]
[Site "Dortmund GER"]
[Date "1987.??.??"]
[Round "4"]
[White "Ribli, Zoltan"]
[Black "Nunn, John Denis Martin"]
[WhiteElo "2580"]
[BlackElo "2560"]
[Result "1/2-1/2"]
[EventDate "1987.04.??"]
[PlyCount "87"]

1.Nf3 Nf6 2.c4 g6 3.g3 Bg7 4.Bg2 O-O 5.d4 c6 6.Nc3 d5 7.cxd5 cxd5 8.Ne5 e6
9.O-O Nfd7 10.f4 Nxe5 11.fxe5 Nc6 12.Be3 f6 13.exf6 Rxf6 14.Qd2 Bd7 15.Kh1
Rxf1+ 16.Rxf1 Qe7 17.Bg1 Rd8 18.a3 Kh8 19.e4 dxe4 20.Nxe4 Bc8 21.Be3 Rf8 
22.Rxf8+ Qxf8 23.b4 Ne7 24.Bf4 b6 25.Nd6 Bd7 26.h4 Bc6 27.Qe2 Bxg2+ 28.
Kxg2 Qa8+ 29.Kh2 Qd5 30.Nf7+ Kg8 31.Ng5 Bxd4 32.Nxe6 Bf6 33.Nc7 Qf7 34.Qe4
h5 35.b5 Nf5 36.a4 Qa2+ 37.Kh3 Kh7 38.Ne6 Qa1 39.Qb7+ Be7 40.Ng5+ Kg7 41.
Qd5 Qf1+ 42.Kh2 Qe2+ 43.Qg2 Nd4 44.Qxe2 1/2-1/2

[Event "15th Dortmund Meeting"]
[Site "Dortmund GER"]
[Date "1987.??.??"]
[Round "5"]
[White "Andersson, Ulf"]
[Black "Farago, Ivan"]
[WhiteElo "2600"]
[BlackElo "2535"]
[Result "1/2-1/2"]
[EventDate "1987.04.??"]
[PlyCount "42"]

1.Nf3 Nf6 2.d4 e6 3.g3 b5 4.Bg2 Bb7 5.Bg5 c5 6.O-O cxd4 7.Nxd4 Bxg2 8.Kxg2
a6 9.Nd2 Be7 10.c3 O-O 11.a4 Nc6 12.axb5 Nxd4 13.cxd4 axb5 14.Qb3 Qb6 15.
Nf3 Nd5 16.Bxe7 Nxe7 17.Rxa8 Rxa8 18.Rc1 Rc8 19.Rxc8+ Nxc8 20.d5 Qc5 21.
dxe6 dxe6 1/2-1/2

[Event "15th Dortmund Meeting"]
[Site "Dortmund GER"]
[Date "1987.??.??"]
[Round "5"]
[White "Balashov, Yury"]
[Black "Hickl, Jorg"]
[WhiteElo "2525"]
[BlackElo "2450"]
[Result "1/2-1/2"]
[EventDate "1987.04.??"]
[PlyCount "78"]

1.e4 g6 2.d4 Bg7 3.Nc3 d6 4.Nf3 Nf6 5.Be2 O-O 6.O-O Bg4 7.Be3 Nc6 8.Qd2 e5
9.d5 Ne7 10.Rad1 Nc8 11.h3 Bd7 12.Bg5 Qe8 13.Nh2 b5 14.Bf3 Kh8 15.Ne2 Ng8 
16.Ng3 Nce7 17.Rfe1 Qb8 18.Be2 Qb7 19.c3 Rad8 20.b3 c5 21.Be3 f5 22.exf5 
Nxf5 23.Nxf5 gxf5 24.f4 Nf6 25.Bf3 e4 26.Be2 a5 27.Nf1 b4 28.c4 a4 29.Qc2 
Ra8 30.Bc1 axb3 31.axb3 Ra7 32.Bb2 Ra2 33.Rb1 Rfa8 34.Ne3 Qc8 35.Kh2 Qf8 
36.Rf1 Ng8 37.Qd2 Bf6 38.Bd1 Qg7 39.Rf2 Rxb2 1/2-1/2

[Event "15th Dortmund Meeting"]
[Site "Dortmund GER"]
[Date "1987.??.??"]
[Round "5"]
[White "Bischoff, Klaus"]
[Black "Marangunic, Srdan"]
[WhiteElo "2485"]
[BlackElo "2450"]
[Result "1-0"]
[EventDate "1987.04.??"]
[PlyCount "89"]

1.e4 d6 2.d4 Nf6 3.Nc3 g6 4.Nf3 Bg7 5.h3 O-O 6.Be3 Nc6 7.Bc4 Nxe4 8.Nxe4 
d5 9.Bd3 dxe4 10.Bxe4 f5 11.Bxc6 bxc6 12.Qd2 c5 13.O-O-O Qd5 14.b3 c4 15.
Bh6 c3 16.Qf4 Qa5 17.Kb1 Qa3 18.Qc1 Qxc1+ 19.Bxc1 c5 20.dxc5 e5 21.c6 Ba6 
22.Rd5 e4 23.Nd4 Rac8 24.Ne6 Rf7 25.Nxg7 Kxg7 26.Rc5 Rfc7 27.Rxc3 Rxc6 28.
Rxc6 Rxc6 29.Be3 Rc7 30.Rd1 Be2 31.Re1 Ba6 32.h4 Rd7 33.g3 Kf7 34.Kc1 Bb5 
35.c4 Bc6 36.Rd1 Rxd1+ 37.Kxd1 a6 38.Kd2 Ke6 39.Kc3 Kd6 40.Kb4 Bb7 41.Ka5 
Kc6 42.b4 Bc8 43.a4 Kb7 44.b5 axb5 45.axb5 1-0

[Event "15th Dortmund Meeting"]
[Site "Dortmund GER"]
[Date "1987.??.??"]
[Round "5"]
[White "Lau, Ralf"]
[Black "Tukmakov, Vladimir"]
[WhiteElo "2535"]
[BlackElo "2575"]
[Result "1-0"]
[EventDate "1987.04.??"]
[PlyCount "55"]

1.e4 c5 2.Nf3 e6 3.d4 cxd4 4.Nxd4 Nf6 5.Nc3 d6 6.f4 Qb6 7.Nb3 a6 8.a4 Nbd7
9.a5 Qc7 10.Bd3 Nc5 11.Nxc5 Qxc5 12.Qe2 Bd7 13.Be3 Qc7 14.Bb6 Qc8 15.O-O 
Be7 16.e5 dxe5 17.fxe5 Nd5 18.Qf3 Bc5+ 19.Bxc5 Qxc5+ 20.Kh1 O-O 21.Ne4 Qd4
22.Qg3 Bc6 23.c3 Qe3 24.Nf6+ Kh8 25.Rf3 Qxd3 26.Rxd3 gxf6 27.Qh4 Rg8 28.c4
1-0

[Event "15th Dortmund Meeting"]
[Site "Dortmund GER"]
[Date "1987.??.??"]
[Round "5"]
[White "Nunn, John Denis Martin"]
[Black "Agdestein, Simen"]
[WhiteElo "2560"]
[BlackElo "2560"]
[Result "1/2-1/2"]
[EventDate "1987.04.??"]
[PlyCount "53"]

1.e4 e6 2.d4 d5 3.Nc3 Bb4 4.e5 c5 5.a3 Bxc3+ 6.bxc3 Ne7 7.Nf3 Nbc6 8.a4 
Qa5 9.Bd2 Bd7 10.Bb5 f6 11.O-O fxe5 12.c4 Qc7 13.cxd5 exd5 14.Nxe5 Nxe5 
15.Bf4 N7g6 16.Bxe5 Nxe5 17.Re1 O-O 18.Rxe5 Bc6 19.Qd2 cxd4 20.Qxd4 Qb6 
21.Qxb6 axb6 22.Rae1 Rac8 23.f3 Bxb5 24.axb5 Rc5 25.Re6 Rxb5 26.Rd6 g6 27.
Ree6 1/2-1/2

[Event "15th Dortmund Meeting"]
[Site "Dortmund GER"]
[Date "1987.??.??"]
[Round "6"]
[White "Andersson, Ulf"]
[Black "Marangunic, Srdan"]
[WhiteElo "2600"]
[BlackElo "2450"]
[Result "1/2-1/2"]
[EventDate "1987.04.??"]
[PlyCount "210"]

1.Nf3 d6 2.d4 Bg4 3.e4 Nf6 4.Nc3 c6 5.Be2 Nbd7 6.O-O e5 7.Be3 Be7 8.a4 a5 
9.Nd2 Bxe2 10.Qxe2 O-O 11.Rfd1 Qc7 12.f3 Rfe8 13.Qf2 d5 14.exd5 Nxd5 15.
Nxd5 cxd5 16.dxe5 Qxe5 17.Bd4 Qc7 18.Qg3 Qxg3 19.hxg3 Bf6 20.Bxf6 Nxf6 21.
Nb3 h5 22.Kf2 b6 23.Nd4 g6 24.Ra3 Rad8 25.Rad3 Rd7 26.R1d2 Rc8 27.Nb5 Kg7 
28.Re3 Rc4 29.b3 Rc8 30.Rde2 Kf8 31.Ke1 Rc5 32.Nd4 Rc8 33.Kd2 Rc5 34.Re5 
Rc8 35.c3 Rc5 36.R2e3 Rc8 37.Rd3 Re7 38.Rxe7 Kxe7 39.Ne2 Kd6 40.Nf4 Kc6 
41.Rd4 Re8 42.Ne2 Re7 43.Rf4 Nd7 44.g4 hxg4 45.Rxg4 Kd6 46.Rh4 Re8 47.Nd4 
Nc5 48.Rh7 Rf8 49.Kc2 Nd7 50.Rh1 Re8 51.Kd2 Ne5 52.g3 Nd7 53.Rh7 Rf8 54.
Ke3 Nf6 55.Rh2 Re8+ 56.Kd2 Nd7 57.Nb5+ Kc6 58.Rh7 Rf8 59.Ke3 Nf6 60.Rh4 
Re8+ 61.Kd2 Nh5 62.Nd4+ Kd6 63.Ne2 Nf6 64.Rf4 Ke7 65.Rd4 Rd8 66.g4 Ne8 67.
b4 Nc7 68.bxa5 bxa5 69.c4 Rd6 70.Kc3 Rf6 71.cxd5 Rxf3+ 72.Kc4 Kd7 73.Nc3 
Ne8 74.Ne4 Nd6+ 75.Kc5 Nxe4+ 76.Rxe4 f5 77.gxf5 gxf5 78.Rh4 Rc3+ 79.Kd4 
Ra3 80.Ke5 Re3+ 81.Kd4 Ra3 82.Rh7+ Kd6 83.Rh6+ Kd7 84.Ke5 Rxa4 85.Rh7+ Ke8
86.Kxf5 Kd8 87.Ke6 Re4+ 88.Kd6 Kc8 89.Rc7+ Kb8 90.Re7 Rc4 91.Ke6 Re4+ 92.
Kd7 Rh4 93.Re1 Rh7+ 94.Kc6 Rc7+ 95.Kb6 Rb7+ 96.Kc6 Rc7+ 97.Kd6 Rh7 98.Re7 
Rh4 99.Kc6 Rc4+ 100.Kd7 Rh4 101.d6 Kb7 102.Kd8+ Kc6 103.d7 Kd6 104.Kc8 
Rc4+ 105.Kd8 Rh4 1/2-1/2

[Event "15th Dortmund Meeting"]
[Site "Dortmund GER"]
[Date "1987.??.??"]
[Round "6"]
[White "Farago, Ivan"]
[Black "Lau, Ralf"]
[WhiteElo "2535"]
[BlackElo "2535"]
[Result "1/2-1/2"]
[EventDate "1987.04.??"]
[PlyCount "77"]

1.d4 Nf6 2.c4 e6 3.Nf3 b6 4.a3 Bb7 5.Nc3 d5 6.cxd5 Nxd5 7.Qc2 Nxc3 8.bxc3 
c5 9.e4 Nd7 10.Bf4 Be7 11.Bd3 Qc8 12.Qb1 h6 13.O-O O-O 14.Re1 Re8 15.a4 
Ba6 16.Bxa6 Qxa6 17.Qb5 Qb7 18.d5 exd5 19.exd5 Bf6 20.Rxe8+ Rxe8 21.Qc4 
Bd8 22.Rd1 a6 23.h3 b5 24.axb5 Qxb5 25.Qxb5 axb5 26.Rb1 Bf6 27.Rxb5 Bxc3 
28.d6 Bb4 29.Rb7 Rd8 30.Ne5 Nxe5 31.Bxe5 f6 32.Bg3 Kf8 33.Kf1 Ba3 34.Ke2 
c4 35.Rb6 Kf7 36.Kd2 Bc5 37.Rc6 Bb4+ 38.Kc2 Ke6 39.Rxc4 1/2-1/2